Library management : (Record no. 144392)

MARC details
000 -LEADER
fixed length control field 00578nam a22001817a 4500
010 ## - LCCN (DPL NO)
LC control number ENG-120386
020 ## - INTERNATIONAL STANDARD BOOK NUMBER
International Standard Book Number 9788174791153
Terms of availability 450.00
035 ## - SYSTEM CONTROL NUMBER
System control number EN-103918
037 ## - SOURCE OF ACQUISITION
Source of stock number/acquisition DBAD /PUB
082 ## - DEWEY DECIMAL CLASSIFICATION NUMBER
Classification number 025.21
100 ## - MAIN ENTRY--PERSONAL NAME
Personal name Nandi,Subodh Gopal
245 ## - TITLE STATEMENT
Title Library management :
Statement of responsibility, etc by Subodh Gopal Nandi
Remainder of title recent thoughts and development /
260 ## - PUBLICATION, DISTRIBUTION, ETC. (IMPRINT)
Place of publication, distribution, etc New Delhi
Name of publisher, distributor, etc Kaveri Books
Date of publication, distribution, etc 2011
270 ## - ADDRESS
Address 4832 / 24,Ansari Road , Daryaganj,
City New Delhi
Postal code 110002
300 ## - PHYSICAL DESCRIPTION
Extent viii,138p.
Dimensions 22cm(H.b)
Other physical details ill.
500 ## - GENERAL NOTE
General note Includes index
942 ## - ADDED ENTRY ELEMENTS (KOHA)
Source of classification or shelving scheme Dewey Decimal Classification
Item type English Books
Classification part 025.21
Call number suffix NAN
Holdings
Withdrawn status Lost status Not for loan Collection code Home library Current library Date acquired Source of acquisition Cost, normal purchase price Full call number Barcode Copy number Cost, replacement price Koha item type
      Non-fiction Sarojini Nagar Sarojini Nagar 12/09/2017 DBAD/PUB 450.00 025.21 NAN EN-103918 1 450.00 English Books

© Delhi Public Library
Hit Counter
free hit counter